000 03552nam a22005777a 4500
001 1080546934
003 OCoLC
005 20210419094043.0
006 m o d
007 cr |||||||||||
008 190102t20202020paua o 000 0 eng d
020 _a9780323639125
_qelectronic book
020 _a0323639127
_qelectronic book
020 _a9780323639101
_qelectronic book
020 _a0323639100
_qelectronic book
020 _a9780323639095
_qelectronic book
020 _a0323639097
_qelectronic book
020 _z9780323549431
_qpaperback
020 _z0323549438
_qpaperback
035 _a(OCoLC)1080546934
040 _aYDX
_beng
_erda
_cYDX
_dBDX
_dTMC
_dMMU
_dUSU
041 _aeng
049 _aYYEA
_aVZYM
080 _a616-097
_bA-12
099 _aINTERNET LINK
100 1 _aAbbas, Abul K.
245 1 0 _aBasic immunology
_h[electronic resource] :
_bfunctions and disorders of the immune system /
_cAbul K. Abbas, Andrew H. Lichtman, Shiv Pillai ; illustrations by David L. Baker.
250 _a6th ed.
260 _aPhiladelphia, PA :
_bElsevier,
_c[2020]
260 _c©2020.
300 _a1 online resource : 319 p.
_bcolor illustrations.
500 _aRevised edition of: Basic immunology : functions and disorders of the immune system / Abul K. Abbas, Andrew H. Lichtman, Shiv Pillai. Fifth edition. [2016].
500 _aEINSTEIN & MMC: available online via Clinical Key. See Reference staff for assistance.
505 0 _aIntroduction to the immune system : nomenclature, general properties, and components -- Innate immunity : the early defense against infections -- Antigen capture and presentation to lymphocytes : what lymphocytes see -- Antigen recognition in the adaptive immune system : structure of lymphocyte antigen receptors and development of immune repertoires -- T cell - mediated immunity : activation of t lymphocytes -- Effector mechanisms of t cell-mediated immunity : functions of t cells in host defense -- Humoral immune responses : activation of b lymphocytes and production of antibodies -- Effector mechanisms of humoral immunity : elimination of extracellular microbes and toxins -- Immunologic tolerance and autoimmunity : self-nonself discrimination in the immune system and its failure -- Immunology of tumors and transplantation : immune responses to cancer cells and normal foreign cells -- Hypersensitivity : disorders caused by immune responses -- Congenital and acquired immunodeficiencies : diseases caused by defective immunity -- Principal features of selected cd molecules -- Cytokines -- Clinical cases.
650 1 2 _aImmunity.
650 1 2 _aImmune System
_xphysiology.
650 2 2 _aHypersensitivity.
650 2 0 _aImmunology
_978
650 2 2 _aImmunologic Deficiency Syndromes.
653 _aიმუნოლოგია
653 _aიმუნური სისტემა
655 7 _aElectronic books.
700 1 _aLichtman, Andrew H.
700 1 _aPillai, Shiv.
700 1 _aBaker, David H.,
710 2 _aClinical Key (Online Service)
776 0 8 _iPrint version:
_aAbbas, Abul K.
_tBasic immunology.
_bSixth edition.
_dAmsterdam : Elsevier, 2019
_z9780323549431
_w(OCoLC)1091691150.
856 4 0 _3ClinicalKey
_uhttps://elibrary.einsteinmed.org/login?url=https://www.clinicalkey.com/#!/dura/browse/bookChapter/3-s2.0-C20160052403
_zEINSTEIN: Clinical Key ebook collection
856 4 1 _3ClinicalKey
_uhttps://www.clinicalkey.com/#!/dura/browse/bookChapter/3-s2.0-C20160052403
_zMMC: Clinical Key ebook collection
942 _2udc
_cBK
_e6
999 _c368
_d368